Statistics for The Canterbury Tales Pilgrims

Click here to take the quiz!

General Stats

  • This quiz has been taken 20 times
  • The average score is 16 of 34

Answer Stats

HintAnswer% Correct
22Alison, the Wife of Bath
91%
2The Knight
91%
6The Second Nun
91%
23The Parson
82%
7Brother Peter, The First Priest
73%
3The Squire
73%
1Geoffrey Chaucer, the Narrator
64%
11Hubert, the Friar
64%
27Oswald, the Reeve
64%
25Robin, the Miller
64%
29The Pardoner
64%
5Madame Eglantine, The Prioress
55%
13The Clerk of Oxford
55%
8The Second Priest
55%
14The Sergeant-at-Law
55%
9The Third Priest
55%
19Roger de Ware, the Cook
45%
12The Merchant
45%
10Brother John, The Monk
36%
30Harry Bailey, the Host
36%
32The Canon's Yeoman
36%
15The Franklin
36%
4The Knight's Yeoman
36%
21The Physician
36%
28The Summoner
36%
26The Manciple
27%
20The Shipman
27%
18The Weaver
27%
31The Canon
18%
24The Ploughman
18%
17The Carpenter
9%
17The Dyer
9%
16The Haberdasher
9%
16The Tapestry-Maker
9%

Score Distribution

Percentile by Number Answered

Percent of People with Each Score

Your Score History

You have not taken this quiz